Score 0/42 Timer 05:00
1 Play Today
Country Longest Border With... % Correct
AfghanistanPakistan
92.4%
BangladeshIndia
91.5%
ChinaMongolia
90.9%
IraqIran
89.3%
IranIraq
88.8%
MongoliaChina
87%
CambodiaVietnam
86.1%
North KoreaChina
84.6%
IsraelPalestine
84%
BhutanIndia
83.9%
KazakhstanRussia
83%
NepalIndia
82.5%
LaosVietnam
82.3%
PakistanIndia
82.2%
IndonesiaMalaysia
81.1%
GeorgiaRussia
80.8%
OmanSaudi Arabia
80.8%
South KoreaNorth Korea
80.6%
IndiaBangladesh
80%
ArmeniaAzerbaijan
79.9%
AzerbaijanArmenia
79.1%
Country Longest Border With... % Correct
PalestineIsrael
79.1%
MalaysiaIndonesia
79%
QatarSaudi Arabia
78.7%
KuwaitIraq
78.2%
LebanonSyria
76.3%
RussiaKazakhstan
74.5%
BruneiMalaysia
74.3%
MyanmarChina
71.2%
JordanSaudi Arabia
70.8%
Saudi ArabiaYemen
70.5%
KyrgyzstanKazakhstan
70%
SyriaTurkey
63.6%
United Arab EmiratesSaudi Arabia
61.3%
Timor-LesteIndonesia
59.9%
ThailandMyanmar
59.3%
YemenSaudi Arabia
57.8%
VietnamLaos
57.2%
TurkeySyria
51.9%
UzbekistanKazakhstan
45.5%
TurkmenistanUzbekistan
44.1%
TajikistanAfghanistan
42.8%

You're not logged in!

Compare scores with friends on all Sporcle quizzes.
OR
Log In

Sporcle TV

Today on Sporcle TV


Watch our educational content, quiz creation guides, and fun videos on Sporcle TV.

Show Comments

Extras

Top Quizzes Today


Score Distribution

Paid Content

Your Account Isn't Verified!

In order to create a playlist on Sporcle, you need to verify the email address you used during registration. Go to your Sporcle Settings to finish the process.

Report this User

Report this user for behavior that violates our Community Guidelines.

Details: